Analýza úverovej zaťaženosti domácností na Slovensku

Zadlženosť v rámci EÚ ako všeobecná hrozba. Komparácia úspor a dlhov slovenských domácností s ostanými krajinami. Analýza nadmerného zadlžovania sa domácností na Slovensku.

Na minha lista:
Detalhes bibliográficos
Autor principal: Vravec, Ján
Formato: Capítulo de Livro
Idioma:eslovaco
Assuntos:
Tags: Adicionar Tag
Sem tags, seja o primeiro a adicionar uma tag!

MARC

LEADER 00000naa a2200000 4500
001 0249727
005 20260205071637.0
041 0 |a slo 
044 |a SK 
245 1 0 |a Analýza úverovej zaťaženosti domácností na Slovensku  |c Ján Vravec 
520 |a Zadlženosť v rámci EÚ ako všeobecná hrozba. Komparácia úspor a dlhov slovenských domácností s ostanými krajinami. Analýza nadmerného zadlžovania sa domácností na Slovensku. 
610 2 0 |a Slovensko 
610 2 0 |a Európska únia 
610 2 0 |a zadlženosť 
610 2 0 |a domácnosti 
610 2 0 |a úspory obyvateľstva 
610 2 0 |a situácia hospodárska 
100 1 |a Vravec, Ján